000 00515nam a2200193Ia 4500
008 090123s9999 xx 000 0 und d
082 _b6265
100 _aसाधू अरुण
245 _aसत्तांध
250 _a1
260 _bभागवत मंदार
300 _a185
600 _aसाधू अरुण
630 _aसत्तांध
700 _aसाधू अरुण
700 _aजैन अशोक
730 _aसत्तांध
942 _cBOOK
999 _c44329
_d44329